00000000nam 2200000zi 4500
0019.947380
003CaOODSP
00520250303103444
006m     o  d f      
007cr |n|||||||||
008250124s1949    oncad   ob   f000 0 eng d
040 |aCaOODSP|beng|erda|cCaOODSP
043 |an-cn-ab
0861 |aA52-281/1949E-PDF
0861 |zA51-37E-PDF
1001 |aPalmer, A. E., |eauthor.
24510|aDominion Experimental Station, Lethbridge, Alta. : |bprogress report, 1937-1946 / |cA. E. Palmer.
264 1|aOttawa, Canada : |bMinister of Agriculture, |c[1949]
300 |a1 online resource (91 pages) : |billustrations, charts
336 |atext|btxt|2rdacontent
337 |acomputer|bc|2rdamedia
338 |aonline resource|bcr|2rdacarrier
500 |aDigitized edition from print [provided by Agriculture and Agri-Food Canada].
504 |aIncludes bibliographical references (pages 83-84).
61015|aCanada. |bExperimental Station (Lethbridge, Alta.)
61015|aCanada. |bStation expérimentale (Lethbridge, Alb.)
650 0|aAgricultural experiment stations|zAlberta|zLethbridge.
650 6|aStations agronomiques|zAlberta|zLethbridge.
7101 |aCanada. |bExperimental Station (Lethbridge, Alta.), |eissuing body.
7101 |aCanada. |bExperimental Farms Service, |eissuing body.
85640|qPDF|s16.10 MB|uhttps://publications.gc.ca/collections/collection_2024/aac-aafc/A51-37-1937-eng.pdf